|
|
|
|
| LEADER |
02957nam a2200517 4500 |
| 001 |
ocn925323774 |
| 003 |
OCoLC |
| 005 |
20170124071755.4 |
| 006 |
m o d |
| 007 |
cr cnu|||unuuu |
| 008 |
151016s2012 gw ofb 001 0 eng d |
| 040 |
|
|
|a DG1
|b eng
|e rda
|e pn
|c DG1
|d OCLCF
|d YDX
|d DEBBG
|d UPM
|d GrThAP
|
| 019 |
|
|
|a 957953822
|a 958083725
|a 958096154
|
| 020 |
|
|
|a 9783527699230
|q electronic bk.
|
| 020 |
|
|
|a 3527699236
|q electronic bk.
|
| 020 |
|
|
|z 9783527403813
|
| 024 |
7 |
|
|a 10.1002/9783527699230
|2 doi
|
| 029 |
1 |
|
|a GBVCP
|b 848821130
|
| 029 |
1 |
|
|a DEBBG
|b BV043398071
|
| 035 |
|
|
|a (OCoLC)925323774
|z (OCoLC)957953822
|z (OCoLC)958083725
|z (OCoLC)958096154
|
| 050 |
|
4 |
|a QC371
|
| 082 |
0 |
4 |
|a 681.4
|2 23
|
| 049 |
|
|
|a MAIN
|
| 245 |
0 |
0 |
|a Handbook of optical systems.
|n Volume 5,
|p Metrology of optical components and systems /
|c edited by Herbert Gross ; Bernd Dörband, Henriette Müller, and Herbert Gross.
|
| 246 |
3 |
0 |
|a Metrology of optical components and systems
|
| 264 |
|
1 |
|a Weinheim :
|b Wiley-VCH,
|c 2012.
|
| 300 |
|
|
|a 1 online resource.
|
| 336 |
|
|
|a text
|b txt
|2 rdacontent
|
| 337 |
|
|
|a computer
|b c
|2 rdamedia
|
| 338 |
|
|
|a online resource
|b cr
|2 rdacarrier
|
| 505 |
0 |
|
|a Interferometry / Herbert Gross, Bernd Dörband, Henriette Müller -- Non-Interferometric Wavefront Sensing / Herbert Gross, Bernd Dörband, Henriette Müller -- Radiometry / Herbert Gross, Bernd Dörband, Henriette Müller -- Image Analysis / Herbert Gross, Bernd Dörband, Henriette Müller -- Distance and Angle Metrology / Herbert Gross, Bernd Dörband, Henriette Müller -- Polarimetry / Herbert Gross, Bernd Dörband, Henriette Müller -- Testing the Quality of Optical Materials / Herbert Gross, Bernd Dörband, Henriette Müller -- Testing the Geometry of Optical Components / Herbert Gross, Bernd Dörband, Henriette Müller -- Testing Texture and Imperfections of Optical Surfaces / Herbert Gross, Bernd Dörband, Henriette Müller -- Testing the Quality of Coatings / Herbert Gross, Bernd Dörband, Henriette Müller -- System Testing / Herbert Gross, Bernd Dörband, Henriette Müller.
|
| 504 |
|
|
|a Includes bibliographical references and index.
|
| 588 |
0 |
|
|a Online resource; title from PDF title page (John Wiley, viewed October 16, 2015).
|
| 650 |
|
0 |
|a Optical instruments
|v Handbooks, manuals, etc.
|
| 650 |
|
0 |
|a Imaging systems
|v Handbooks, manuals, etc.
|
| 650 |
|
0 |
|a Optics
|v Handbooks, manuals, etc.
|
| 650 |
|
7 |
|a Imaging systems.
|2 fast
|0 (OCoLC)fst00967605
|
| 650 |
|
7 |
|a Optical instruments.
|2 fast
|0 (OCoLC)fst01046734
|
| 650 |
|
7 |
|a Optics.
|2 fast
|0 (OCoLC)fst01046845
|
| 655 |
|
4 |
|a Electronic books.
|
| 655 |
|
7 |
|a Handbooks and manuals.
|2 fast
|0 (OCoLC)fst01423877
|
| 700 |
1 |
|
|a Gross, Herbert,
|d 1955-
|e editor.
|e author.
|
| 700 |
1 |
|
|a Dörband, Bernd,
|e author.
|
| 700 |
1 |
|
|a Müller, Henriette,
|d 1952-
|e author.
|
| 856 |
4 |
0 |
|u https://doi.org/10.1002/9783527699230
|z Full Text via HEAL-Link
|
| 994 |
|
|
|a 92
|b DG1
|